Visualizzazione normale
Vista MARC
- Langella A.
di Personal Name
Records bibliografici associati: 1
001 - CONTROL NUMBER
- control field: 6646
003 - CONTROL NUMBER IDENTIFIER
- control field: IT-RoPau
005 - DATE AND TIME OF LATEST TRANSACTION
- control field: 20131222160032.0
008 - FIXED-LENGTH DATA ELEMENTS
- fixed length control field: 131222|| aca||aabn | a|a d
040 ## - CATALOGING SOURCE
- Original cataloging agency: IT-RoPau
- Transcribing agency: IT-RoPau
100 ## - HEADING--PERSONAL NAME
- Personal name: Langella A.
- Dates associated with a name: Codice autore testo/musica SPICS: 25686
- Relator term: Autore testo/musica
- Name of part/section of a work: Il capoclasse
670 ## - SOURCE DATA FOUND
- Source citation: Work cat.: (IT-RoPau)102607: AA.VV. 794, Balliamo e cantiamo con Valtaro (Lp 22005)